Bạn thông minh cỡ nào? /
Sách tập trung giới thiệu những bài trắc nghiệm giúp bạn đọc nhận biết được trí thông minh của mình như thế nào.
Salvato in:
| Autore principale: | |
|---|---|
| Altri autori: | |
| Natura: | Libro |
| Lingua: | Vietnamese |
| Pubblicazione: |
Hà Nội :
Phụ nữ,
2000.
|
| Soggetti: | |
| Tags: |
Aggiungi Tag
Nessun Tag, puoi essere il primo ad aggiungerne! !
|
| Thư viện lưu trữ: | Mạng thư viện Đại học Đà Nẵng |
|---|
| LEADER | 01097cam a2200373 i 4500 | ||
|---|---|---|---|
| 001 | 000046682 | ||
| 003 | 6184 | ||
| 005 | 20030917130702.0 | ||
| 008 | 010307b2000 vm 000 vie | ||
| 020 | |c 21000 | ||
| 022 | |a T | ||
| 040 | |a IRC |c IRC |d IRC | ||
| 041 | 1 | |a vie | |
| 082 | 1 | 4 | |a 153.9 |b AZ-G |
| 100 | 1 | |a Azzopasdi, Gilles. | |
| 245 | 0 | 0 | |a Bạn thông minh cỡ nào? / |c Gilles Azzopasdi ; Phan Quang Định dịch. |
| 260 | |a Hà Nội : |b Phụ nữ, |c 2000. | ||
| 300 | |a 217tr. ; |c 18.5cm. | ||
| 520 | 3 | |a Sách tập trung giới thiệu những bài trắc nghiệm giúp bạn đọc nhận biết được trí thông minh của mình như thế nào. | |
| 630 | 0 | 4 | |a Tâm lý. |
| 630 | 0 | 4 | |a Trí thông minh. |
| 650 | 0 | 4 | |a Tâm lý học. |
| 650 | 0 | 4 | |a Trí thông minh |x Trắc nghiệm. |
| 700 | 1 | |a Phan Quang Định, |e dịch. | |
| OWN | |a DUT | ||
| 999 | |a From the UDN01 | ||
| TYP | |a Monograph | ||
| TYP | |a Printed language | ||
| 980 | |a Mạng thư viện Đại học Đà Nẵng | ||